000 03526nam0a2200445 4500
001 RU\NLR\BIBL_A\012770199
005 20250619154014.0
010 _a978-5-88437-825-4
_986
021 _aRU
_bКН-П-22-000909
_9КН-П-22-0063
035 _a(NLR Aleph) 012770199
035 _a(RuMoRGB)010956956
090 _a13090295
_c13090295
100 _a20220421d2021 k y0rusy50 ca
101 0 _arus
102 _aRU
105 _ay|||f|||000zy
181 0 _ai4
_baxxe
182 0 _an
200 1 _aОрганизация профилактической работы в сфере противодействия вовлечению детей и подростков в деструктивные интернет-сообщества
_eучебно-практическое пособие
_eдля курсантов, слушателей образовательных организаци системы МВД России
_fН. В. Голубых, кандидат юридических наук, доцент, Ю. А. Западнова, кандидат юридических наук, Е. В. Щетинина, кандидат философских наук, доцент [и др.]
_gФедеральное государственное казенное образовательное учреждение высшего образования "Уральский юридический институт Министерства внутренних дел Российской Федерации", Кафедра криминологии и уголовно-исполнительного права
203 _aТекст
_bвизуальный
_cнепосредственный
210 _aЕкатеринбург
_cУральский юридический институт МВД России
_d2021
215 _a39 с.
_d20
300 _aАвт. указаны на обороте тит. с.
320 _aБиблиогр.: с. 29-31 (23 назв.)
606 1 _aНесовершеннолетние
_jУчебные издания
_xПравонарушения
_xПредупреждение
_yРоссийская Федерация
_92083547
_3RU\NLR\AUTH\661259611
606 1 _aСредства массовой информации
_jУчебные издания
_xИспользование в преступных целях
_xКриминологические исследования
_92184461
_3RU\NLR\AUTH\661313419
606 1 _aINTERNET, глобальная информационная сеть
_jУчебные издания
_xПсихологическое воздействие на детей
_92425050
_3RU\NLR\AUTH\661443869
675 _a351.864.1(075.8)
_v4
686 1 _aХ628.332я7
686 1 _aХ628.31я7
686 1 _aХ621.163.04я7
701 1 _aГолубых
_bН. В.
_gНикита Владимирович
701 1 _7ca
_8rus
_aМакарова
_bЮ. А.
_cканд. юрид. наук
_f1988-
_gЮлия Альтафовна
_92653341
_3RU\NLR\AUTH\770281374
701 1 _aЩетинина
_bЕ. В.
_gЕлизавета Витальевна
712 0 2 _4570
_aУральский юридический институт
_bКафедра криминологии и уголовно-исполнительного права
_cЕкатеринбург
_9431271
_3RU\NLR\AUTH\880382496
942 _cBOOK
980 _aNB